000 00635nam a2200205 i 4500
001 129249
003 ES-MaACL
005 20230906193451.0
007 t|
008 070611s1968 sp ||||1| spa d
080 _a338(46)(02)
080 _a551.4(46)(02)
100 1 _aTerán, Manuel de.
_9109726
245 1 0 _aGeografía regional de España /
_cdirigida por M. de Terán y L. Solé Sabarís.
260 _aBarcelona :
_bAriel,
_c[1968]
300 _a1 v. con 13 map. col. 10 pleg. :
_bil. ;
_c23 cm.
651 0 4 _aEspaña-
_xGeografía.
_98200
700 1 _aSolé Sabarís, L.
_9107131
852 _aES-MaACL
_jP-1382
_bR.67358
999 _c129249
_d129249